MARC details
| 000 -LEADER |
| campo de control de longitud fija |
01539nam a2200313Ia 4500 |
| 000 - LEADER |
| campo de control de longitud fija |
nam a22 i 4500 |
| 001 - NÚMERO DE CONTROL |
| campo de control |
UNACH-12961 |
| 007 - CAMPO FIJO DE DESCRIPCIÓN FÍSICA--INFORMACIÓN GENERAL |
| campo de control de longitud fija |
ta |
| 008 - DATOS DE LONGITUD FIJA--INFORMACIÓN GENERAL |
| campo de control de longitud fija |
221212s ||||fr|||| 00| | spa d |
| 020 ## - NÚMERO INTERNACIONAL ESTÁNDAR DEL LIBRO |
| Número Internacional Estándar del Libro |
978-6-07-171550-0 |
| 041 0# - CÓDIGO DE IDIOMA |
| Código de lengua del texto/banda sonora o título independiente |
spa |
| 082 04 - NÚMERO DE LA CLASIFICACIÓN DECIMAL DEWEY |
| Número de clasificación |
302.2 |
| Número de ítem |
Comunicación |
| 100 1# - ENTRADA PRINCIPAL--NOMBRE DE PERSONA |
| Nombre de persona |
Limón Peña, Moisés, |
| Término indicativo de función/relación |
autor |
| 245 10 - MENCIÓN DEL TÍTULO |
| Título |
Comunicación en situación de crisis : |
| Resto del título |
Guía de gestión |
| 264 31 - PRODUCCIÓN, PUBLICACIÓN, DISTRIBUCIÓN, FABRICACIÓN Y COPYRIGHT |
| Producción, publicación, distribución, fabricación y copyright |
[México, D.F.] : |
| -- |
México : |
| Nombre del de productor, editor, distribuidor, fabricante |
Trillas, |
| Fecha de producción, publicación, distribución, fabricación o copyright |
2013 |
| 300 ## - DESCRIPCIÓN FÍSICA |
| Extensión |
112 páginas : |
| Otras características físicas |
gráficos |
| 336 ## - TIPO DE CONTENIDO |
| Término de tipo de contenido |
texto |
| Código de tipo de contenido |
txt |
| Fuente |
rdacontent |
| 337 ## - TIPO DE MEDIO |
| Nombre/término del tipo de medio |
no mediado |
| Código del tipo de medio |
n |
| Fuente |
rdamedia |
| 338 ## - TIPO DE SOPORTE |
| Nombre/término del tipo de soporte |
volumen |
| Código del tipo de soporte |
nc |
| Fuente |
rdacarrier |
| 504 ## - NOTA DE BIBLIOGRAFÍA, ETC. |
| Nota de bibliografía, etc. |
Incluye,Índice de Contenido, Índice Analítico, Bibliografía. |
| 505 0# - NOTA DE CONTENIDO CON FORMATO |
| Nota de contenido con formato |
¿Crisis?,¿qués es eso?.-- ¿Prevengo, luego evito?.-- De frente y sin miedo.-- ¿Cuál es el mejor camino.-- Salimos de esta. |
| 520 3# - RESUMEN, ETC. |
| Sumario, etc. |
La presente obra constituye una valiosa guía para los ejecutivos, directivos, profesionistas y estudiantes de la comunicación que necesitan saber cómo gestionar una crisis, prevenirla, enfrentarla, resolverla y evitar, según sea el caso y en la medida de lo posible, que vuelva a repetirse esa amarga experiencia. Comunicación en Situación de Crisis. Guia de gestión, reúne trabajos de investigación y experiencias de diversos especialistas, con una visión panorámica y al mismo tiempo integradora. |
| 650 14 - PUNTO DE ACCESO ADICIONAL DE MATERIA--TÉRMINO DE MATERIA |
| Término de materia o nombre geográfico como elemento de entrada |
COMUNICACIÓN Y CRISIS |
| 650 24 - PUNTO DE ACCESO ADICIONAL DE MATERIA--TÉRMINO DE MATERIA |
| Término de materia o nombre geográfico como elemento de entrada |
IMAGEN POSITIVA |
| 650 24 - PUNTO DE ACCESO ADICIONAL DE MATERIA--TÉRMINO DE MATERIA |
| Término de materia o nombre geográfico como elemento de entrada |
PLAN DE CRISIS |
| 653 0# - TÉRMINO DE INDIZACIÓN--NO CONTROLADO |
| Término no controlado |
Comunicación |
| 942 ## - ELEMENTOS DE ENTRADA SECUNDARIOS (KOHA) |
| Fuente del sistema de clasificación o colocación |
Clasificación Decimal Dewey |
| Tipo de ítem Koha |
Libros |
| Suprimir en OPAC |
No |